Mzdové predpisy v skratke metodická príručka pre mzdové účtarne

Bibliographic Details
Main Authors: Motyčková, Jana (Author), Múdra, Zuzana (Author)
Format: Book
Language:Slovak
PhysicalDescription:75 s. 21 cm
Published: Trenčín SOMI 1996
ISBN:8096718118
Edition:3. upr. vyd.
Subjects:

MARC

LEADER 00000nam a2200000 a 4500
001 vtls001226448
003 SK-MaSNL
005 20260301064015.0
008 240314s1996 xo r slo
015 |a SNBA1996/0501391 
020 |a 8096718118 
035 |a SNK000173450 
035 |a urn:nbn:sk:snk-amk23z 
035 |a urn:nbn:sk:snk-am0086jz 
035 |a CDA2AB80-E8F0-470B-B86F-D871BC93708F 
040 |a SNK  |b slo  |c SNK  |e AACR2 
041 0 |a slo 
044 |a xo  |c SK 
080 |a 331.2(035)  |2 1981 
100 1 |a Motyčková, Jana  |4 aut  |9 45900 
245 1 0 |a Mzdové predpisy v skratke  |b metodická príručka pre mzdové účtarne  |c Jana Motyčková, Zuzana Múdra 
250 |a 3. upr. vyd. 
260 |a Trenčín  |b SOMI  |c 1996 
300 |a 75 s.  |c 21 cm 
655 7 |a príručky  |2 SNK  |9 74364 
700 1 |a Múdra, Zuzana  |4 aut  |9 45923 
919 |a 80-967181-1-8 
958 |a TL 
999 |c 625549  |d 627479 
952 |t P60, <09>, [BOOK], {629}  |a SNK  |b SNK  |y NEVYP  |7 0  |o snkC 732  |i snk1402/960418  |0 0  |1 0  |4 0  |d 1996-04-16  |l 0  |r 2005-01-01 00:00:00  |w 2026-02-23 
952 |t P60, <03>, [BOOK], {603}  |a SNK  |b SNK  |y PREZ  |7 0  |p 17A0002497  |o snkSC 90362  |i snkKSP 3606/96  |0 0  |1 0  |4 0  |d 1996-04-16  |f 1  |l 0  |r 2025-09-09 00:00:00  |w 2026-02-23 
952 |t P60, <04>, [BOOK], {604}  |a SNK  |b SNK  |y VYP  |7 0  |p 17A0002498  |o snkSC 90362 D1  |i snkKSP 3607/96  |0 0  |1 0  |4 0  |d 1996-04-16  |l 0  |r 2005-01-01 00:00:00  |w 2026-02-23